| 000 | 01956nam0a2200349 4500 | ||
|---|---|---|---|
| 001 | RU\NLR\BIBL_A\022587359 | ||
| 005 | 20260408203954.0 | ||
| 010 |
_a978-5-87865-637-5 _91000 |
||
| 035 | _a(NLR Aleph) 022587359 | ||
| 090 |
_a13638955 _c13638955 |
||
| 100 | _a20250718d2025 k y0rusy50 ca | ||
| 101 | 0 | _arus | |
| 102 | _aRU | ||
| 105 | _ac z 010yd | ||
| 181 | 0 |
_ai _bxxxe |
|
| 182 | 0 | _an | |
| 200 | 1 |
_aВоенная слава и гордость Республики Башкортостан _eжизнь и деятельность известных военачальников _e[80-летию Победы в Великой Отечественной войне посвящается] _fМ. А. Бикмеев |
|
| 203 |
_aТекст _bвизуальный _cнепосредственный |
||
| 210 |
_aУфа _cАкадемия ВЭГУ _d2025 |
||
| 215 |
_a302 с. _cпортр. _d29 |
||
| 300 | _aНа 4-й с. обл. авт.: М. А. Бикметов – д-р ист. наук, проф., полк., акад. Акад. воен. наук Рос. Федерации, заслуж. работник образования Респ. Башкортостан | ||
| 320 | _aБиблиогр. в конце лит. ст. | ||
| 601 | 0 | 2 |
_aРабоче-Крестьянская Красная армия _c1918 - 1946 _xКомандный состав _z1941 - 1945 _3RU\NLR\AUTH\661556167 _92619607 |
| 606 | 1 |
_aПолководцы Советской Армии _z1941 - 1945 _92204960 _3RU\NLR\AUTH\661324802 |
|
| 606 |
_aБашкиры _xУчастие в Великой Отечественной войне _z1941 - 1945 _3RU\NLR\AUTH\661321996 _92199883 |
||
| 686 | 1 | _aЦ35(2)722-424.1д(2Р-6Б) | |
| 686 | 1 | _aТ3(2)722.782(2Р-6Б) | |
| 700 | 1 |
_8rus _7ca _aБикмеев _bМ. А. _f1954- _gМихаил Ахметович _3RU\NLR\AUTH\772232 _9112248 |
|
| 942 | _cBOOK | ||
| 980 | _aNB | ||